Länder aus Bildern - Statistiken

Allgemein
  • Dieses Quiz wurde 152 mal gespielt
  • Das Durchschnittsergebnis liegt bei 20 aus 24
Antwortstatistiken
Bildquiz Antwort % Korrekt
Frankreich
100%
Deutschland
98%
Vereinigte Staaten
98%
Ägypten
97%
Indien
96%
Australien
95%
China
94%
Niederlande
93%
Russland
93%
Brasilien
92%
Peru
87%
Italien
86%
Japan
86%
Kanada
86%
Griechenland
84%
Finnland
80%
Mexiko
79%
Monaco
73%
Madagaskar
69%
Vereinigtes Königreich
64%
Thailand
62%
Vatikan
62%
Vereinigte Arabische Emirate
52%
Costa Rica
26%
Keine übereinstimmenden Quizze gefunden
Verteilung der Resultate
Anzahl Personen mit jedem Resultat
Perzentil nach korrekt beantworteten Fragen
Ihre Resultats-Entwicklung
Sie haben dieses Quiz noch nicht gespielt